Auf welchem Kontinent liegt das Land? - Statistiken

Allgemein
  • Dieses Quiz wurde 227 mal gespielt
  • Das Durchschnittsergebnis liegt bei 14 aus 15
Antwortstatistiken
Frage Antwort % Korrekt
Ukraine Europa
98%
Belgien Europa
97%
Jamaika Nordamerika
96%
Uruguay Südamerika
96%
Bolivien Südamerika
96%
Bahrain Asien
95%
Kolumbien Südamerika
95%
Oman Asien
94%
Bahamas Nordamerika
92%
Papua-Neuguinea Ozeanien
92%
Salomonen Ozeanien
92%
Laos Asien
91%
Nauru Ozeanien
89%
Malediven Asien
86%
Burundi Afrika
81%
Keine übereinstimmenden Quizze gefunden
Verteilung der Resultate
Anzahl Personen mit jedem Resultat
Perzentil nach korrekt beantworteten Fragen
Ihre Resultats-Entwicklung
Sie haben dieses Quiz noch nicht gespielt